Inazuma Eleven 1 - Tout les personnages - Statistiques

Statistiques générales
  • Ce quiz a été pris 145 fois
  • Le résultat moyen est 35 sur 185
Statistiques - réponses
% Correct
Mark Evans
97%
Jude Sharp
94%
Axel Blaze
93%
Nathan Swift
88%
Jack Wallside
85%
Kevin Dragonfly
78%
Nelly Raimon
78%
Tod Ironside
78%
Bobby Shearer
76%
Steve Grim
76%
Celia Hills
75%
Sam Kincaid
74%
Silvia Woods
74%
William Glass
73%
Seymour Hillman
72%
Jim Wraith
71%
Erik Eagle
69%
Timmy Sanders
68%
Maxwell Carson
66%
Byron Love
65%
Ray Dark
63%
David Samford
61%
Joseph King
60%
Paul Siddon
53%
Frank Wintersea
41%
Thomas Murdock
39%
Tyler Thomas
39%
Johan Tassman
38%
Marvin Murdock
38%
Neil Turner
38%
Onze de Raimon
38%
Raimon
38%
Thomas Feldt
38%
Tyler Murdock
38%
Malcolm Night
37%
Hugo Tallgeese
36%
Jonas Demetrius
36%
Daniel Hatch
35%
Adrian Speed
33%
Royal Academy
33%
Zeus
33%
Henry House
32%
Kirkwood
30%
Lane War
30%
Wesley Knox
30%
Gary Lancaster
29%
Harry Snake
29%
Troy Moon
29%
Occulte
27%
Wild
27%
Danny Wood
26%
Terria
26%
Arion Matlock
25%
Gus Martin
25%
Jeff Iron
25%
Leonard O'Shea
25%
Otaku
25%
Shuriken
25%
Steve Eagle
25%
Cybertech
24%
Artie Mishman
22%
Sail Bluesea
22%
Bruce Monkey
21%
Charlie Boardfield
21%
Apollo Light
20%
Derek Swing
20%
Alan Master
19%
David Evans
19%
Peter Drent
19%
Nathan Jones
18%
John Bloom
17%
Cham Lion
16%
Ben Simmons
14%
Maddie Moonlight
14%
Wilson Fishman
14%
KFT
13%
Light Nobel
13%
Mark Gambling
13%
John Neville
12%
Victor Kind
11%
Albert Green
10%
Alexander Brave
10%
Robert Mayer
10%
Burt Wolf
9%
Morgan Sanders
9%
Umbrella
9%
Ken Furan
8%
Jerry Fulton
8%
Jonathan Seller
8%
Tom Walters
8%
Walter Valiant
8%
Peter Johson
6%
A. Woodbridge
5%
Constant Builder
5%
Francis Tell
5%
Gus Gamer
5%
Street Sally's
5%
Toby Damian
5%
Lou Edmonds
4%
Philip Marvel
4%
Russel Walk
4%
Sam Samourai
4%
Spencer Gates
4%
Alfred Meenan
3%
Arthur Sweet
3%
Hank Sullivan
3%
Herb Sherman
3%
Jason Jones
3%
Mr. Savage
3%
Sam Idol
3%
Samuel Buster
3%
Stuart Racoonfur
3%
Taylor Higgins
3%
Tyron Rock
3%
Zachary Moore
3%
Charles Island
2%
Dan Mirthful
2%
Edward Gladstone
2%
Gaby Farmer
2%
Ian Suffolk
2%
Ike Steiner
2%
Izzy Island
2%
Jez Shell
2%
Joe Small
2%
Jospeh Yosemite
2%
Manny Artic
2%
Marcus Train
2%
Mark Hillvalley
2%
Newton Thomas
2%
Orville Newman
2%
Phil Wingate
2%
Ricky Clover
2%
Samantha Moonlight
2%
Sammy Igajima
2%
Seth Nichols
2%
Seward Hayseed
2%
Terry Stronger
2%
Theodore Master
2%
Daniel Dawson
1%
Garret Hairtown
1%
Hans Randall
1%
Harry Leading
1%
Herman Muller
1%
Joe Ingram
1%
Josh Nathaniel
1%
Josh Spear
1%
Jupiter Jumper
1%
Kent Work
1%
Kippy Jones
1%
Mr. Newfield
1%
Ness Sheldon
1%
Noel Good
1%
Peter Mildred
1%
Ray Mannings
1%
Sothern Newman
1%
York Nashmith
1%
A. Lovely
0%
Bruce Chaney
0%
Cameron Morefield
0%
Clint Loggan
0%
Maxwell Claus
0%
Eddie Prentice
0%
Finn Stoned
0%
F. Riversong
0%
Galen Thunderbird
0%
Greg Bernard
0%
Herman Waldom
0%
Hide Jekyl
0%
Irwin Hall
0%
Jamie Cool
0%
Jason Strike
0%
Jim Hillfort
0%
Kendall Sefton
0%
Keth Klaus
0%
Leroy Rhymes
0%
Lizzy Squirrel
0%
Louis Hillside
0%
Michael Riverside
0%
Mildford Scott
0%
Mitch Sandstone
0%
Newton Flush
0%
Norman Porter
0%
Robert Silver
0%
Suzanne Yuma
0%
T. Fielding
0%
Aucun quiz correspondant
Distribution des résultats
% des personnes avec chaque résultat
Percentile par nombre de réponses
Votre historique - résultats
Vous n’avez pas pris ce quiz